000 00599nam a22001817a 4500
003 UA-OsUOA
001 8493
007 ta
008 20040927b un ||||| |||| 00| 0 ukr d
100 _aКміть В . М .
942 _cSA
040 _aUA-OsUOA
_cUA-OsUOA
_dUA-OsUOA
245 _aОптимізація накладних витрат у забезпеченні підвищення конкурентноспроможності продукції
300 _aС.58 - 65
955 _a0
773 0 _w0
_tФінанси України
_dКиїв
_d2004
_g№9
650 7 _aУкраїна
_2UDC
999 _c294654
_d294654